000 00717cai a22001935a 4500
001 L155009
008 120217u2012 xxk f 000 0 eng d
035 _a(Sirsi) u155009
041 0 _aeng
110 2 _aFordaq
_95672
245 0 0 _aFordaq
_bthe timber network
_h[electronic resource]
260 _aBrussels
_bFordaq
_c[2012?]
520 _aWebsite for Fordaq, the online market for wood professionals worldwide. Marketplace, directory, market information, services, latest news, price index, special reports, timber auctions.
590 _aKA
651 4 _aInternational
690 _aCost management
_96233
856 4 0 _uhttps://www.fordaq.com/
_zView the website free of charge at www.fordaq.com
942 _n0
999 _c120945
_d120945